000 00701nam a2200289Ia 4500
005 20260324120304.0
008 008 260324s9999 xx 000 0 eng d
020 _a9781003443087
037 _aEBOOK
040 _aCRL
040 _beng
040 _cCRL
041 _2eng
041 _aeng
084 _qCRL
100 _aBrian Whalen; Victor Savicki; Elizabeth Brewer
_91157976
245 0 _aAssessing Study Abroad
245 0 _bTheory, Tools, and Practice
260 _bTaylor and Francis
260 _c2015
365 _a
365 _b230
856 _uhttp://www.taylorfrancis.com/books/9781003443087
942 _cEBOOK
999 _c1749432
_d1749432